Joueurs Ayant Deja Gagné Le Ballon D'Or - Statistiques

Statistiques générales
  • Ce quiz a été pris 162 fois
  • Le résultat moyen est 17 sur 28
Answers on the Grid
Answers color-coded by a green-red scale on the quiz's grid according to % correct below.
Raul
Leo Messi
Andreï Chevtchenko
Luka Modric
Zlatan Ibrahimovic
Rodri
Fabio Cannavaro
Robert Lewandowski
Michael Owen
Ronaldinho
Pavel Nedved
Zinedine Zidane
George Weah
Paolo Maldini
Diego Maradona
Karl-Heinz Rummenigge
Wayne Rooney
Franz Beckenbauer
George Best
Samuel Eto'o
Lev Yachine
Luis Suarez Miramontes
Kylian Mbappé
Alfredo Di Stefano
Stanley Matthews
Xavi
Kaka
Neymar
Cristiano Ronaldo
Ruud Gullit
Roberto Carlos
Jean-Pierre Papin
Thierry Henry
Gianluigi Buffon
Roberto Baggio
Andres Iniesta
Franck Ribéry
Matthias Sammer
Flórián Albert
Pelé
Rivaldo
Hristo Stoichkov
Yaya Touré
David Beckham
Igor Belanov
Jay-Jay Okocha
Marco Van Basten
Dennis Bergkamp
 
Statistiques - réponses
Réponse % Correct
Leo Messi
99%
Luka Modric
92%
Rodri
86%
Zinedine Zidane
86%
Ronaldinho
82%
Fabio Cannavaro
78%
Andreï Chevtchenko
77%
Pavel Nedved
73%
George Weah
68%
Michael Owen
66%
Cristiano Ronaldo
64%
Kaka
60%
Jean-Pierre Papin
58%
Marco Van Basten
58%
Lev Yachine
57%
Franz Beckenbauer
55%
Rivaldo
52%
Alfredo Di Stefano
49%
George Best
49%
Hristo Stoichkov
48%
Ruud Gullit
47%
Matthias Sammer
41%
Roberto Baggio
41%
Stanley Matthews
41%
Karl-Heinz Rummenigge
40%
Luis Suarez Miramontes
39%
Flórián Albert
36%
Igor Belanov
36%
Aucun quiz correspondant
Distribution des résultats
% des personnes avec chaque résultat
Percentile par nombre de réponses
Votre historique - résultats
Vous n’avez pas pris ce quiz